Basketball Players by Picture - Serbia - Statistics

General Stats
  • This quiz has been taken 26 times
  • The average score is 14 of 25
Answer Stats
Picture Answer % Correct
Nikola Jokić
96%
Bogdan Bogdanović
92%
Boban Marjanović
84%
Dejan Bodiroga
84%
Vlade Divac
84%
Vasilije Micić
80%
Miloš Teodosić
76%
Nikola Kalinić
76%
Predrag Stojaković
72%
Aleksandar Đorđević
68%
Marko Jarić
64%
Nemanja Bjelica
56%
Dejan Milojević
48%
Igor Rakočević
48%
Predrag Danilović
48%
Nenad Krstić
44%
Žarko Paspalj
44%
Radivoj Korać
36%
Željko Rebrača
36%
Dejan Tomašević
32%
Dragan Kićanović
28%
Dražen Dalipagić
28%
Zoran Savić
24%
Miloš Vujanić
20%
Zoran Slavnić
20%
No matching quizzes found
Score Distribution
Percent of People with Each Score
Percentile by Number Answered
Your Score History
You have not taken this quiz